Statistiques concernant Culture Générale - Série 324

Cliquez ici pour prendre le quiz!

Statistiques générales

  • Ce quiz a été pris 199 fois
  • Le résultat moyen est 7 sur 10

Statistiques - réponses

QuestionRéponse% Correct
Quelle ville allemande est la capitale de la Bavière ?Munich
87%
Sous quel nom la comédienne Catherine Dorléac est-elle plus connue ?Catherine Deneuve
81%
Quel dictionnaire doit-on à Diderot et d'Alembert ?L'Encyclopédie
75%
Dans quel pays se situe actuellement la Mandchourie ?La Chine
74%
Quelle ville française donne son nom à une façon de cuisiner les carottes ?Vichy
68%
Dans quelle ville française se sont déroulés les JO d'hiver de 1968 ?Grenoble
65%
Qui a dit : "Houston, ici la base de la Tranquillité. L'Aigle s'est posé" ?Neil Armstrong
60%
Quel acteur a incarné à cinq reprises l'inspecteur Harry au cinéma ?Clint Eastwood
58%
Quel est le surnom de Simon Templar ?Le Saint
51%
A qui est attribuée la phrase : "Soldats, je suis content de vous" ?Napoléon Ier
32%

Distribution des résultats

Percentile par nombre de réponses

% des personnes avec chaque résultat

Votre développement - résultats

Vous n’avez pas pris ce quiz